Ekstraklasowe kółko i krzyżyk vol.4 - Statystyki

Ogólne statystyki
  • Ten quiz został rozwiązany 74 razy
  • Średni wynik to 4 z 9
Statystyki odpowiedzi
Hint Odpowiedź % Poprawnych
Lechia/Słowacja Bobcek | Mihalik | Kuciak | Haraslin | Cvirik
80%
Piast/Słowacja Holubek | Huk | Plach | Cmelik | Mraz | Bukata | Rusov | Horvath | Izvolt | Cicman | Urban
73%
Śląsk/Słowacja Pokorny | Putnocky | Kamenar | Lacny | Grajciar | Pich| Mraz | Kelemen
73%
Lechia/Brazylia Conrado | Gerson | Bruno Nazario | Ricardinho | Deleu
64%
Lechia/Serbia Udovicic | Alomerovic | Mladenovic | Krasic | Milinkovic-Savic | Kovacevic | Malbasic | Aleksic | Lekovic | Bajic
52%
Śląsk/Brazylia Dudu Paraiba | Alexandre
18%
Śląsk/Serbia Markovic | Cotra | Srnic | Kovacevic | Vukelja | Sotirovic
17%
Piast/Serbia Stojiljkovic | Sedlar
12%
Piast/Brazylia Hebert | Maycon Calijuri
11%
Nie znaleziono quizów pasujących do podanych kryteriów
Rozkład punktacji
Procent ludzi z każdym wynikiem
Percentyl według liczby udzielonych odpowiedzi
Twoja historia wyników
Nie rozwiązałeś tego quizu